000 00297nam a22001337a 4500
008 210225b ||||| |||| 00| 0 eng d
020 _a9780470876343
041 _aeng
080 _22nd
_a510
100 _a36
101 _aMAT
245 _aALgebra II (Quick Review)
_cKohn, E
942 _2udc
_cBK
999 _c55195
_d55195